Music Quiz

Random Music or Song Quiz

Song Pictures Quiz Stats

 Plays Quiz not verified by Sporcle

Challenge
Share
Tweet
Score 0/17 Timer 04:00
0 Plays Today
% Correct
Dancing Queen
95.5%
Eye of the Tiger
91%
Poison
89.9%
The Chain
86.5%
Clint Eastwood
82%
Cherry Pie
75.3%
Surrender
74.2%
Legs
73%
Free Fallin'
68.5%
% Correct
Rain
52.8%
Teardrop
49.4%
The Heat Is On
46.1%
Shattered
41.6%
Bike
40.4%
No Quarter
25.8%
Cities
16.9%
James K. Polk
14.6%

You're not logged in!

Compare scores with friends on all Sporcle quizzes.
Join for Free
OR
Log In

You Might Also Like...

Show Comments

Extras

Created Jul 23, 2014ReportNominate
Tags:Artist Quiz, Song Quiz, related

Top Quizzes Today


Score Distribution

Your Account Isn't Verified!

In order to create a playlist on Sporcle, you need to verify the email address you used during registration. Go to your Sporcle Settings to finish the process.

Report this User

Report this user for behavior that violates our Community Guidelines.

Details: